<?xml version="1.0" encoding="UTF-8"?>
<record
    xmlns:xsi="http://www.w3.org/2001/XMLSchema-instance"
    xsi:schemaLocation="http://www.loc.gov/MARC21/slim http://www.loc.gov/standards/marcxml/schema/MARC21slim.xsd"
    xmlns="http://www.loc.gov/MARC21/slim">

  <leader>00682nam a2200193   4500</leader>
  <controlfield tag="003">LK-CoMWRAF</controlfield>
  <controlfield tag="005">20231201102644.0</controlfield>
  <controlfield tag="008">230902b2003    |||||||| |||| 00| 0 eng d</controlfield>
  <datafield tag="020" ind1=" " ind2=" ">
    <subfield code="a">9558464341</subfield>
  </datafield>
  <datafield tag="040" ind1=" " ind2=" ">
    <subfield code="a">LK-CoMWRAF</subfield>
    <subfield code="d">LK-CoMWRAF</subfield>
    <subfield code="e">LK-CoMWRAF</subfield>
  </datafield>
  <datafield tag="041" ind1=" " ind2=" ">
    <subfield code="a">sin</subfield>
  </datafield>
  <datafield tag="082" ind1=" " ind2=" ">
    <subfield code="a">891.483</subfield>
    <subfield code="b">DIA</subfield>
  </datafield>
  <datafield tag="100" ind1=" " ind2=" ">
    <subfield code="a">&#xDA9;&#xDBA;&#xDC3;&#xDCA;, &#xDC3;&#xDD2;&#xDA9;&#xDCA;&#xDB1;&#xDD2; &#xDB8;&#xDCF;&#xD9A;&#xDC3;&#xDCA;</subfield>
  </datafield>
  <datafield tag="245" ind1=" " ind2=" ">
    <subfield code="a">&#xD94;&#xDA7;&#xDD4;&#xDB1;&#xDCA;&#xDB1; &#xDC4;&#xDD2;&#xDB8;&#xDD2; &#xD9A;&#xDD4;&#xDB8;&#xDCF;&#xDBB;&#xDBA;&#xDCF; ;</subfield>
    <subfield code="b">&#xDB7;&#xDCF;&#xDBB;&#xDAD; &#xD85;&#xDB1;&#xDCA;&#xDAF;&#xDBB; 1</subfield>
  </datafield>
  <datafield tag="246" ind1=" " ind2=" ">
    <subfield code="a">Otunna himi kumaraya : Bharatha andara 1</subfield>
  </datafield>
  <datafield tag="260" ind1=" " ind2=" ">
    <subfield code="a">&#xD86;&#xDAB;&#xDB8;&#xDA9;&#xDD4;&#xDC0; :</subfield>
    <subfield code="b">&#xDAD;&#xDDD;&#xDAD;&#xDD0;&#xDB1;&#xDCA;&#xDB1; &#xDB4;&#xDCA;&#x200D;&#xDBB;&#x200D;&#xD9A;&#xDCF;&#xDC1;&#xDB1;,</subfield>
    <subfield code="c">2003</subfield>
  </datafield>
  <datafield tag="650" ind1=" " ind2=" ">
    <subfield code="a">&#xD89;&#xD82;&#xDAF;&#xDD2;&#xDBA;&#xDCF;&#xDB1;&#xDD4; &#xDA2;&#xDB1;&#xD9A;&#xDAD;&#xDCF;</subfield>
  </datafield>
  <datafield tag="942" ind1=" " ind2=" ">
    <subfield code="c">BK</subfield>
  </datafield>
  <datafield tag="952" ind1=" " ind2=" ">
    <subfield code="0">0</subfield>
    <subfield code="1">0</subfield>
    <subfield code="4">0</subfield>
    <subfield code="7">0</subfield>
    <subfield code="a">MAIN</subfield>
    <subfield code="b">MAIN</subfield>
    <subfield code="d">2023-09-02</subfield>
    <subfield code="l">0</subfield>
    <subfield code="o">891.483 DIA</subfield>
    <subfield code="p">RAF352</subfield>
    <subfield code="r">2023-09-02</subfield>
    <subfield code="w">2023-09-02</subfield>
    <subfield code="y">BK</subfield>
  </datafield>
  <datafield tag="952" ind1=" " ind2=" ">
    <subfield code="0">0</subfield>
    <subfield code="1">0</subfield>
    <subfield code="4">0</subfield>
    <subfield code="7">0</subfield>
    <subfield code="a">MAIN</subfield>
    <subfield code="b">MAIN</subfield>
    <subfield code="d">2023-11-15</subfield>
    <subfield code="l">0</subfield>
    <subfield code="o">891.483 DIA</subfield>
    <subfield code="p">RAF2762</subfield>
    <subfield code="r">2023-11-15</subfield>
    <subfield code="w">2023-11-15</subfield>
    <subfield code="y">BK</subfield>
  </datafield>
  <datafield tag="999" ind1=" " ind2=" ">
    <subfield code="c">3371</subfield>
    <subfield code="d">3371</subfield>
  </datafield>
</record>
